000 002680000a22000970004500
100 1 _aHoward, David M.
245 1 0 _aBendiciones de una sierva sencilla
300 _aVol. 78, Num 4 (Octubre-Diciembre, 1998), Página 4
773 0 _tLatin America Evangelist
942 _cANA
999 _c55146
_d55146